000 00612nam a2200205 i 4500
001 bgj
100 1 _aREMARQUE, Erich Maria
_d(1898-1970).
245 1 0 _aAll quiet on the western front /
_cErich Maria Remarque.
260 _aGreenwich, Conn. :
_bFawcett Publications,
_c1966.
300 _a175 pp ;
_c18 cm.
490 1 _aA Fawcett Crest Book
500 _aGerman title: Im western nichts neues.
650 9 _aGerman literature
650 9 _aNon-English literature
830 _aA Fawcett Crest Book
040 _cBPK
041 0 _aeng
_hger
942 _cKS
008 s uk f |000 0 eng
999 _c48792
_d48792
856 _uhttp://koha.tu.koszalin.pl/cgi-bin/koha/opac-detail.pl?biblionumber=48792
_yKatalog online BPK